LEADER 00992nam0 2200301 450 001 000000689 005 20050630115200.0 010 $a88-15-06595-4 100 $a--------d1998----km-y0itay50------ba 101 1 $aita 102 $aIT 200 1 $aProblemi e soluzioni di finanza aziendale$eesercizi di supporto al testo di Ross, Westerfield, Jaffe$fRobert C. Hanson 210 $aBologna$cIl Mulino$d1998 215 $a215 p.$d23 cm 225 2 $aStrumenti$iEconomia 304 $aTit. orig.: Student problem manual for use with corporate finance 305 $aEd. italiana a cura di Silvia Rigamonti 314 410 0$12001$aStrumenti 610 1 $aFinanza aziendale$aEsercizi 676 $a658.15 700 1$aHanson,$bRobert C.$0268293 702 1$aRigamonti,$bSilvia 801 0$aIT $bUNIPARTHENOPE $gRICA $2UNIMARC 912 $a000000689 951 $cNAVA1$a658-P/3$b33743$d20000214 996 $aProblemi e soluzioni di finanza aziendale$975296 997 $aUNIPARTHENOPE LEADER 01044nam0 2200277 450 001 000015397 005 20181106121915.0 100 $a20080820d1974----km-y0itay50------ba 101 0 $aita 102 $aIT 105 $ay-------001yy 200 1 $a<>sviluppo dell'analisi costi-benefici e la crisi dei valori del libero mercato$fSeverino Sterpi 210 $aMilano$cA. Giuffrè$d1974 215 $aVII, 226 p.$d24 cm 225 2 $aSaggi di teoria e politica economica$hSerie 2.$v20 410 0$12001$aSaggi di teoria e politica economica 610 1 $aInvestimenti pubblici 676 $a332$9Economia finanziaria 676 $a332$9Moneta, credito, banche, borse 676 $a332.67252$v20$9Investimenti all'interno da parte del governo e dei suoi enti 700 1$aSterpi,$bSeverino$0105699 801 0$aIT$bUNIPARTHENOPE$c20080820$gRICA$2UNIMARC 912 $a000015397 951 $a338.522/100$b20387$cNAVA4 996 $aSviluppo dell'analisi costi-benefici e la crisi dei valori del libero mercato$975288 997 $aUNIPARTHENOPE